000 00213 a2200097 4500
001 37359
100 _aRaees A Jaffari
245 _aMuhabat Ka Inteqam
260 _aLahor
_bMaqbool Acad
_c
090 _c23830
_d23830
942 _aNUST-CAE
_cM
_c15370
999 _c272432
_d272432